<?xml version="1.0" encoding="UTF-8"?>
<record
    xmlns:xsi="http://www.w3.org/2001/XMLSchema-instance"
    xsi:schemaLocation="http://www.loc.gov/MARC21/slim http://www.loc.gov/standards/marcxml/schema/MARC21slim.xsd"
    xmlns="http://www.loc.gov/MARC21/slim">

  <leader>00586nam a2200181   4500</leader>
  <controlfield tag="005">20251010103510.0</controlfield>
  <datafield tag="020" ind1=" " ind2=" ">
    <subfield code="a">N/A</subfield>
    <subfield code="c">TZS 10,000/=</subfield>
  </datafield>
  <datafield tag="040" ind1=" " ind2=" ">
    <subfield code="a">MCCL</subfield>
    <subfield code="b">eng.</subfield>
    <subfield code="e">AACR 2nd rev. ed.</subfield>
  </datafield>
  <datafield tag="082" ind1=" " ind2=" ">
    <subfield code="a">808.02 SHU</subfield>
  </datafield>
  <datafield tag="100" ind1=" " ind2=" ">
    <subfield code="a">Shumbusho, George N.</subfield>
  </datafield>
  <datafield tag="245" ind1=" " ind2=" ">
    <subfield code="a">Research report writing skills:</subfield>
    <subfield code="b">a teaching mannual on information and languages conventions in research reports/</subfield>
    <subfield code="c">George N.Shumbusho</subfield>
  </datafield>
  <datafield tag="260" ind1=" " ind2=" ">
    <subfield code="a">Mzumbe:</subfield>
    <subfield code="b">Mzumbe University,</subfield>
    <subfield code="c">c2000.</subfield>
  </datafield>
  <datafield tag="300" ind1=" " ind2=" ">
    <subfield code="a">ii, 22p. :</subfield>
    <subfield code="b">ill.;</subfield>
    <subfield code="c">26cm</subfield>
  </datafield>
  <datafield tag="504" ind1=" " ind2=" ">
    <subfield code="a">Includes references</subfield>
  </datafield>
  <datafield tag="546" ind1=" " ind2=" ">
    <subfield code="a">eng.</subfield>
  </datafield>
  <datafield tag="650" ind1=" " ind2=" ">
    <subfield code="a">Research report writing</subfield>
  </datafield>
  <datafield tag="942" ind1=" " ind2=" ">
    <subfield code="c">BK</subfield>
  </datafield>
  <datafield tag="999" ind1=" " ind2=" ">
    <subfield code="c">12455</subfield>
    <subfield code="d">12455</subfield>
  </datafield>
  <datafield tag="952" ind1=" " ind2=" ">
    <subfield code="0">0</subfield>
    <subfield code="1">0</subfield>
    <subfield code="4">0</subfield>
    <subfield code="7">0</subfield>
    <subfield code="a">MU002</subfield>
    <subfield code="b">MU002</subfield>
    <subfield code="d">2023-10-01</subfield>
    <subfield code="l">0</subfield>
    <subfield code="o">808.02 SHU</subfield>
    <subfield code="p">005441</subfield>
    <subfield code="r">2025-10-10 10:36:43</subfield>
    <subfield code="t">1</subfield>
    <subfield code="w">2025-10-10</subfield>
    <subfield code="y">BK</subfield>
  </datafield>
  <datafield tag="952" ind1=" " ind2=" ">
    <subfield code="0">0</subfield>
    <subfield code="1">0</subfield>
    <subfield code="4">0</subfield>
    <subfield code="7">0</subfield>
    <subfield code="a">MU002</subfield>
    <subfield code="b">MU002</subfield>
    <subfield code="d">2023-10-01</subfield>
    <subfield code="l">0</subfield>
    <subfield code="o">808.02 SHU</subfield>
    <subfield code="p">005442</subfield>
    <subfield code="r">2025-10-10 10:36:43</subfield>
    <subfield code="t">2</subfield>
    <subfield code="w">2025-10-10</subfield>
    <subfield code="y">BK</subfield>
  </datafield>
  <datafield tag="952" ind1=" " ind2=" ">
    <subfield code="0">0</subfield>
    <subfield code="1">0</subfield>
    <subfield code="4">0</subfield>
    <subfield code="7">0</subfield>
    <subfield code="a">MU002</subfield>
    <subfield code="b">MU002</subfield>
    <subfield code="d">2023-10-01</subfield>
    <subfield code="l">0</subfield>
    <subfield code="o">808.02 SHU</subfield>
    <subfield code="p">005443</subfield>
    <subfield code="r">2025-10-10 10:36:43</subfield>
    <subfield code="t">3</subfield>
    <subfield code="w">2025-10-10</subfield>
    <subfield code="y">BK</subfield>
  </datafield>
  <datafield tag="952" ind1=" " ind2=" ">
    <subfield code="0">0</subfield>
    <subfield code="1">0</subfield>
    <subfield code="4">0</subfield>
    <subfield code="7">0</subfield>
    <subfield code="a">MU002</subfield>
    <subfield code="b">MU002</subfield>
    <subfield code="d">2023-10-01</subfield>
    <subfield code="l">0</subfield>
    <subfield code="o">808.02 SHU</subfield>
    <subfield code="p">005444</subfield>
    <subfield code="r">2025-10-10 10:36:43</subfield>
    <subfield code="t">4</subfield>
    <subfield code="w">2025-10-10</subfield>
    <subfield code="y">BK</subfield>
  </datafield>
  <datafield tag="952" ind1=" " ind2=" ">
    <subfield code="0">0</subfield>
    <subfield code="1">0</subfield>
    <subfield code="4">0</subfield>
    <subfield code="7">0</subfield>
    <subfield code="a">MU002</subfield>
    <subfield code="b">MU002</subfield>
    <subfield code="d">2023-10-01</subfield>
    <subfield code="l">0</subfield>
    <subfield code="o">808.02 SHU</subfield>
    <subfield code="p">005445</subfield>
    <subfield code="r">2025-10-10 10:36:43</subfield>
    <subfield code="t">5</subfield>
    <subfield code="w">2025-10-10</subfield>
    <subfield code="y">BK</subfield>
  </datafield>
  <datafield tag="952" ind1=" " ind2=" ">
    <subfield code="0">0</subfield>
    <subfield code="1">0</subfield>
    <subfield code="4">0</subfield>
    <subfield code="7">0</subfield>
    <subfield code="a">MU002</subfield>
    <subfield code="b">MU002</subfield>
    <subfield code="d">2023-10-01</subfield>
    <subfield code="l">0</subfield>
    <subfield code="o">808.02 SHU</subfield>
    <subfield code="p">005446</subfield>
    <subfield code="r">2025-10-10 10:36:43</subfield>
    <subfield code="t">6</subfield>
    <subfield code="w">2025-10-10</subfield>
    <subfield code="y">BK</subfield>
  </datafield>
  <datafield tag="952" ind1=" " ind2=" ">
    <subfield code="0">0</subfield>
    <subfield code="1">0</subfield>
    <subfield code="4">0</subfield>
    <subfield code="7">0</subfield>
    <subfield code="a">MU002</subfield>
    <subfield code="b">MU002</subfield>
    <subfield code="d">2023-10-01</subfield>
    <subfield code="l">0</subfield>
    <subfield code="o">808.02 SHU</subfield>
    <subfield code="p">005447</subfield>
    <subfield code="r">2025-10-10 10:36:43</subfield>
    <subfield code="t">7</subfield>
    <subfield code="w">2025-10-10</subfield>
    <subfield code="y">BK</subfield>
  </datafield>
  <datafield tag="952" ind1=" " ind2=" ">
    <subfield code="0">0</subfield>
    <subfield code="1">0</subfield>
    <subfield code="4">0</subfield>
    <subfield code="7">0</subfield>
    <subfield code="a">MU002</subfield>
    <subfield code="b">MU002</subfield>
    <subfield code="d">2023-10-01</subfield>
    <subfield code="l">0</subfield>
    <subfield code="o">808.02 SHU</subfield>
    <subfield code="p">005448</subfield>
    <subfield code="r">2025-10-10 10:36:43</subfield>
    <subfield code="t">8</subfield>
    <subfield code="w">2025-10-10</subfield>
    <subfield code="y">BK</subfield>
  </datafield>
  <datafield tag="952" ind1=" " ind2=" ">
    <subfield code="0">0</subfield>
    <subfield code="1">0</subfield>
    <subfield code="4">0</subfield>
    <subfield code="7">0</subfield>
    <subfield code="a">MU002</subfield>
    <subfield code="b">MU002</subfield>
    <subfield code="d">2023-10-01</subfield>
    <subfield code="l">0</subfield>
    <subfield code="o">808.02 SHU</subfield>
    <subfield code="p">005449</subfield>
    <subfield code="r">2025-10-10 10:36:43</subfield>
    <subfield code="t">9</subfield>
    <subfield code="w">2025-10-10</subfield>
    <subfield code="y">BK</subfield>
  </datafield>
  <datafield tag="952" ind1=" " ind2=" ">
    <subfield code="0">0</subfield>
    <subfield code="1">0</subfield>
    <subfield code="4">0</subfield>
    <subfield code="7">0</subfield>
    <subfield code="a">MU002</subfield>
    <subfield code="b">MU002</subfield>
    <subfield code="d">2023-10-01</subfield>
    <subfield code="l">0</subfield>
    <subfield code="o">808.02 SHU</subfield>
    <subfield code="p">005450</subfield>
    <subfield code="r">2025-10-10 10:36:43</subfield>
    <subfield code="t">10</subfield>
    <subfield code="w">2025-10-10</subfield>
    <subfield code="y">BK</subfield>
  </datafield>
  <datafield tag="952" ind1=" " ind2=" ">
    <subfield code="0">0</subfield>
    <subfield code="1">0</subfield>
    <subfield code="4">0</subfield>
    <subfield code="7">0</subfield>
    <subfield code="a">MU002</subfield>
    <subfield code="b">MU002</subfield>
    <subfield code="d">2023-10-01</subfield>
    <subfield code="l">0</subfield>
    <subfield code="o">808.02 SHU</subfield>
    <subfield code="p">005451</subfield>
    <subfield code="r">2025-10-10 10:36:43</subfield>
    <subfield code="t">11</subfield>
    <subfield code="w">2025-10-10</subfield>
    <subfield code="y">BK</subfield>
  </datafield>
  <datafield tag="952" ind1=" " ind2=" ">
    <subfield code="0">0</subfield>
    <subfield code="1">0</subfield>
    <subfield code="4">0</subfield>
    <subfield code="7">0</subfield>
    <subfield code="a">MU002</subfield>
    <subfield code="b">MU002</subfield>
    <subfield code="d">2023-10-01</subfield>
    <subfield code="l">0</subfield>
    <subfield code="o">808.02 SHU</subfield>
    <subfield code="p">005452</subfield>
    <subfield code="r">2025-10-10 10:36:43</subfield>
    <subfield code="t">12</subfield>
    <subfield code="w">2025-10-10</subfield>
    <subfield code="y">BK</subfield>
  </datafield>
  <datafield tag="952" ind1=" " ind2=" ">
    <subfield code="0">0</subfield>
    <subfield code="1">0</subfield>
    <subfield code="4">0</subfield>
    <subfield code="7">0</subfield>
    <subfield code="a">MU002</subfield>
    <subfield code="b">MU002</subfield>
    <subfield code="d">2023-10-01</subfield>
    <subfield code="l">0</subfield>
    <subfield code="o">808.02 SHU</subfield>
    <subfield code="p">005453</subfield>
    <subfield code="r">2025-10-10 10:36:43</subfield>
    <subfield code="t">13</subfield>
    <subfield code="w">2025-10-10</subfield>
    <subfield code="y">BK</subfield>
  </datafield>
  <datafield tag="952" ind1=" " ind2=" ">
    <subfield code="0">0</subfield>
    <subfield code="1">0</subfield>
    <subfield code="4">0</subfield>
    <subfield code="7">0</subfield>
    <subfield code="a">MU002</subfield>
    <subfield code="b">MU002</subfield>
    <subfield code="d">2023-10-01</subfield>
    <subfield code="l">0</subfield>
    <subfield code="o">808.02 SHU</subfield>
    <subfield code="p">005454</subfield>
    <subfield code="r">2025-10-10 10:36:43</subfield>
    <subfield code="t">14</subfield>
    <subfield code="w">2025-10-10</subfield>
    <subfield code="y">BK</subfield>
  </datafield>
  <datafield tag="952" ind1=" " ind2=" ">
    <subfield code="0">0</subfield>
    <subfield code="1">0</subfield>
    <subfield code="4">0</subfield>
    <subfield code="7">0</subfield>
    <subfield code="a">MU002</subfield>
    <subfield code="b">MU002</subfield>
    <subfield code="d">2023-10-01</subfield>
    <subfield code="l">0</subfield>
    <subfield code="o">808.02 SHU</subfield>
    <subfield code="p">005455</subfield>
    <subfield code="r">2025-10-10 10:36:43</subfield>
    <subfield code="t">15</subfield>
    <subfield code="w">2025-10-10</subfield>
    <subfield code="y">BK</subfield>
  </datafield>
  <datafield tag="952" ind1=" " ind2=" ">
    <subfield code="0">0</subfield>
    <subfield code="1">0</subfield>
    <subfield code="4">0</subfield>
    <subfield code="7">0</subfield>
    <subfield code="a">MU002</subfield>
    <subfield code="b">MU002</subfield>
    <subfield code="d">2023-10-01</subfield>
    <subfield code="l">0</subfield>
    <subfield code="o">808.02 SHU</subfield>
    <subfield code="p">005456</subfield>
    <subfield code="r">2025-10-10 10:36:43</subfield>
    <subfield code="t">16</subfield>
    <subfield code="w">2025-10-10</subfield>
    <subfield code="y">BK</subfield>
  </datafield>
  <datafield tag="952" ind1=" " ind2=" ">
    <subfield code="0">0</subfield>
    <subfield code="1">0</subfield>
    <subfield code="4">0</subfield>
    <subfield code="7">0</subfield>
    <subfield code="a">MU002</subfield>
    <subfield code="b">MU002</subfield>
    <subfield code="d">2023-10-01</subfield>
    <subfield code="l">0</subfield>
    <subfield code="o">808.02 SHU</subfield>
    <subfield code="p">005457</subfield>
    <subfield code="r">2025-10-10 10:36:43</subfield>
    <subfield code="t">17</subfield>
    <subfield code="w">2025-10-10</subfield>
    <subfield code="y">BK</subfield>
  </datafield>
  <datafield tag="952" ind1=" " ind2=" ">
    <subfield code="0">0</subfield>
    <subfield code="1">0</subfield>
    <subfield code="4">0</subfield>
    <subfield code="7">0</subfield>
    <subfield code="a">MU002</subfield>
    <subfield code="b">MU002</subfield>
    <subfield code="d">2023-10-01</subfield>
    <subfield code="l">0</subfield>
    <subfield code="o">808.02 SHU</subfield>
    <subfield code="p">005458</subfield>
    <subfield code="r">2025-10-10 10:36:43</subfield>
    <subfield code="t">18</subfield>
    <subfield code="w">2025-10-10</subfield>
    <subfield code="y">BK</subfield>
  </datafield>
  <datafield tag="952" ind1=" " ind2=" ">
    <subfield code="0">0</subfield>
    <subfield code="1">0</subfield>
    <subfield code="4">0</subfield>
    <subfield code="7">0</subfield>
    <subfield code="a">MU002</subfield>
    <subfield code="b">MU002</subfield>
    <subfield code="d">2023-10-01</subfield>
    <subfield code="l">0</subfield>
    <subfield code="o">808.02 SHU</subfield>
    <subfield code="p">005459</subfield>
    <subfield code="r">2025-10-10 10:36:43</subfield>
    <subfield code="t">19</subfield>
    <subfield code="w">2025-10-10</subfield>
    <subfield code="y">BK</subfield>
  </datafield>
  <datafield tag="952" ind1=" " ind2=" ">
    <subfield code="0">0</subfield>
    <subfield code="1">0</subfield>
    <subfield code="4">0</subfield>
    <subfield code="7">0</subfield>
    <subfield code="a">MU002</subfield>
    <subfield code="b">MU002</subfield>
    <subfield code="d">2023-10-01</subfield>
    <subfield code="l">0</subfield>
    <subfield code="o">808.02 SHU</subfield>
    <subfield code="p">005460</subfield>
    <subfield code="r">2025-10-10 10:36:43</subfield>
    <subfield code="t">20</subfield>
    <subfield code="w">2025-10-10</subfield>
    <subfield code="y">BK</subfield>
  </datafield>
  <datafield tag="952" ind1=" " ind2=" ">
    <subfield code="0">0</subfield>
    <subfield code="1">0</subfield>
    <subfield code="4">0</subfield>
    <subfield code="7">0</subfield>
    <subfield code="a">MU002</subfield>
    <subfield code="b">MU002</subfield>
    <subfield code="d">2023-10-01</subfield>
    <subfield code="l">0</subfield>
    <subfield code="o">808.02 SHU</subfield>
    <subfield code="p">005461</subfield>
    <subfield code="r">2025-10-10 10:36:43</subfield>
    <subfield code="t">21</subfield>
    <subfield code="w">2025-10-10</subfield>
    <subfield code="y">BK</subfield>
  </datafield>
  <datafield tag="952" ind1=" " ind2=" ">
    <subfield code="0">0</subfield>
    <subfield code="1">0</subfield>
    <subfield code="4">0</subfield>
    <subfield code="7">0</subfield>
    <subfield code="a">MU002</subfield>
    <subfield code="b">MU002</subfield>
    <subfield code="d">2023-10-01</subfield>
    <subfield code="l">0</subfield>
    <subfield code="o">808.02 SHU</subfield>
    <subfield code="p">005462</subfield>
    <subfield code="r">2025-10-10 10:36:43</subfield>
    <subfield code="t">22</subfield>
    <subfield code="w">2025-10-10</subfield>
    <subfield code="y">BK</subfield>
  </datafield>
  <datafield tag="952" ind1=" " ind2=" ">
    <subfield code="0">0</subfield>
    <subfield code="1">0</subfield>
    <subfield code="4">0</subfield>
    <subfield code="7">0</subfield>
    <subfield code="a">MU002</subfield>
    <subfield code="b">MU002</subfield>
    <subfield code="d">2023-10-01</subfield>
    <subfield code="l">0</subfield>
    <subfield code="o">808.02 SHU</subfield>
    <subfield code="p">005463</subfield>
    <subfield code="r">2025-10-10 10:36:43</subfield>
    <subfield code="t">23</subfield>
    <subfield code="w">2025-10-10</subfield>
    <subfield code="y">BK</subfield>
  </datafield>
  <datafield tag="952" ind1=" " ind2=" ">
    <subfield code="0">0</subfield>
    <subfield code="1">0</subfield>
    <subfield code="4">0</subfield>
    <subfield code="7">0</subfield>
    <subfield code="a">MU002</subfield>
    <subfield code="b">MU002</subfield>
    <subfield code="d">2023-10-01</subfield>
    <subfield code="l">0</subfield>
    <subfield code="o">808.02 SHU</subfield>
    <subfield code="p">005464</subfield>
    <subfield code="r">2025-10-10 10:36:43</subfield>
    <subfield code="t">24</subfield>
    <subfield code="w">2025-10-10</subfield>
    <subfield code="y">BK</subfield>
  </datafield>
  <datafield tag="952" ind1=" " ind2=" ">
    <subfield code="0">0</subfield>
    <subfield code="1">0</subfield>
    <subfield code="4">0</subfield>
    <subfield code="7">0</subfield>
    <subfield code="a">MU002</subfield>
    <subfield code="b">MU002</subfield>
    <subfield code="d">2023-10-01</subfield>
    <subfield code="l">0</subfield>
    <subfield code="o">808.02 SHU</subfield>
    <subfield code="p">005465</subfield>
    <subfield code="r">2025-10-10 10:36:43</subfield>
    <subfield code="t">25</subfield>
    <subfield code="w">2025-10-10</subfield>
    <subfield code="y">BK</subfield>
  </datafield>
  <datafield tag="952" ind1=" " ind2=" ">
    <subfield code="0">0</subfield>
    <subfield code="1">0</subfield>
    <subfield code="4">0</subfield>
    <subfield code="7">0</subfield>
    <subfield code="a">MU002</subfield>
    <subfield code="b">MU002</subfield>
    <subfield code="d">2023-10-01</subfield>
    <subfield code="l">0</subfield>
    <subfield code="o">808.02 SHU</subfield>
    <subfield code="p">005466</subfield>
    <subfield code="r">2025-10-10 10:36:43</subfield>
    <subfield code="t">26</subfield>
    <subfield code="w">2025-10-10</subfield>
    <subfield code="y">BK</subfield>
  </datafield>
  <datafield tag="952" ind1=" " ind2=" ">
    <subfield code="0">0</subfield>
    <subfield code="1">0</subfield>
    <subfield code="4">0</subfield>
    <subfield code="7">0</subfield>
    <subfield code="a">MU002</subfield>
    <subfield code="b">MU002</subfield>
    <subfield code="d">2023-10-01</subfield>
    <subfield code="l">0</subfield>
    <subfield code="o">808.02 SHU</subfield>
    <subfield code="p">005467</subfield>
    <subfield code="r">2025-10-10 10:36:43</subfield>
    <subfield code="t">27</subfield>
    <subfield code="w">2025-10-10</subfield>
    <subfield code="y">BK</subfield>
  </datafield>
  <datafield tag="952" ind1=" " ind2=" ">
    <subfield code="0">0</subfield>
    <subfield code="1">0</subfield>
    <subfield code="4">0</subfield>
    <subfield code="7">0</subfield>
    <subfield code="a">MU002</subfield>
    <subfield code="b">MU002</subfield>
    <subfield code="d">2023-10-01</subfield>
    <subfield code="l">0</subfield>
    <subfield code="o">808.02 SHU</subfield>
    <subfield code="p">005468</subfield>
    <subfield code="r">2025-10-10 10:36:43</subfield>
    <subfield code="t">28</subfield>
    <subfield code="w">2025-10-10</subfield>
    <subfield code="y">BK</subfield>
  </datafield>
  <datafield tag="952" ind1=" " ind2=" ">
    <subfield code="0">0</subfield>
    <subfield code="1">0</subfield>
    <subfield code="4">0</subfield>
    <subfield code="7">0</subfield>
    <subfield code="a">MU002</subfield>
    <subfield code="b">MU002</subfield>
    <subfield code="d">2023-10-01</subfield>
    <subfield code="l">0</subfield>
    <subfield code="o">808.02 SHU</subfield>
    <subfield code="p">005469</subfield>
    <subfield code="r">2025-10-10 10:36:43</subfield>
    <subfield code="t">29</subfield>
    <subfield code="w">2025-10-10</subfield>
    <subfield code="y">BK</subfield>
  </datafield>
  <datafield tag="952" ind1=" " ind2=" ">
    <subfield code="0">0</subfield>
    <subfield code="1">0</subfield>
    <subfield code="4">0</subfield>
    <subfield code="7">0</subfield>
    <subfield code="a">MU002</subfield>
    <subfield code="b">MU002</subfield>
    <subfield code="d">2023-10-01</subfield>
    <subfield code="l">0</subfield>
    <subfield code="o">808.02 SHU</subfield>
    <subfield code="p">005470</subfield>
    <subfield code="r">2025-10-10 10:36:43</subfield>
    <subfield code="t">30</subfield>
    <subfield code="w">2025-10-10</subfield>
    <subfield code="y">BK</subfield>
  </datafield>
  <datafield tag="952" ind1=" " ind2=" ">
    <subfield code="0">0</subfield>
    <subfield code="1">0</subfield>
    <subfield code="4">0</subfield>
    <subfield code="7">0</subfield>
    <subfield code="a">MU002</subfield>
    <subfield code="b">MU002</subfield>
    <subfield code="d">2023-10-01</subfield>
    <subfield code="l">0</subfield>
    <subfield code="o">808.02 SHU</subfield>
    <subfield code="p">005471</subfield>
    <subfield code="r">2025-10-10 10:36:43</subfield>
    <subfield code="t">31</subfield>
    <subfield code="w">2025-10-10</subfield>
    <subfield code="y">BK</subfield>
  </datafield>
  <datafield tag="952" ind1=" " ind2=" ">
    <subfield code="0">0</subfield>
    <subfield code="1">0</subfield>
    <subfield code="4">0</subfield>
    <subfield code="7">0</subfield>
    <subfield code="a">MU002</subfield>
    <subfield code="b">MU002</subfield>
    <subfield code="d">2023-10-01</subfield>
    <subfield code="l">0</subfield>
    <subfield code="o">808.02 SHU</subfield>
    <subfield code="p">005472</subfield>
    <subfield code="r">2025-10-10 10:36:43</subfield>
    <subfield code="t">32</subfield>
    <subfield code="w">2025-10-10</subfield>
    <subfield code="y">BK</subfield>
  </datafield>
  <datafield tag="952" ind1=" " ind2=" ">
    <subfield code="0">0</subfield>
    <subfield code="1">0</subfield>
    <subfield code="4">0</subfield>
    <subfield code="7">0</subfield>
    <subfield code="a">MU002</subfield>
    <subfield code="b">MU002</subfield>
    <subfield code="d">2023-10-01</subfield>
    <subfield code="l">0</subfield>
    <subfield code="o">808.02 SHU</subfield>
    <subfield code="p">005473</subfield>
    <subfield code="r">2025-10-10 10:36:43</subfield>
    <subfield code="t">33</subfield>
    <subfield code="w">2025-10-10</subfield>
    <subfield code="y">BK</subfield>
  </datafield>
  <datafield tag="952" ind1=" " ind2=" ">
    <subfield code="0">0</subfield>
    <subfield code="1">0</subfield>
    <subfield code="4">0</subfield>
    <subfield code="7">0</subfield>
    <subfield code="a">MU002</subfield>
    <subfield code="b">MU002</subfield>
    <subfield code="d">2023-10-01</subfield>
    <subfield code="l">0</subfield>
    <subfield code="o">808.02 SHU</subfield>
    <subfield code="p">005474</subfield>
    <subfield code="r">2025-10-10 10:36:43</subfield>
    <subfield code="t">34</subfield>
    <subfield code="w">2025-10-10</subfield>
    <subfield code="y">BK</subfield>
  </datafield>
  <datafield tag="952" ind1=" " ind2=" ">
    <subfield code="0">0</subfield>
    <subfield code="1">0</subfield>
    <subfield code="4">0</subfield>
    <subfield code="7">0</subfield>
    <subfield code="a">MU002</subfield>
    <subfield code="b">MU002</subfield>
    <subfield code="d">2023-10-01</subfield>
    <subfield code="l">0</subfield>
    <subfield code="o">808.02 SHU</subfield>
    <subfield code="p">005475</subfield>
    <subfield code="r">2025-10-10 10:36:43</subfield>
    <subfield code="t">35</subfield>
    <subfield code="w">2025-10-10</subfield>
    <subfield code="y">BK</subfield>
  </datafield>
  <datafield tag="952" ind1=" " ind2=" ">
    <subfield code="0">0</subfield>
    <subfield code="1">0</subfield>
    <subfield code="4">0</subfield>
    <subfield code="7">0</subfield>
    <subfield code="a">MU002</subfield>
    <subfield code="b">MU002</subfield>
    <subfield code="d">2023-10-01</subfield>
    <subfield code="l">0</subfield>
    <subfield code="o">808.02 SHU</subfield>
    <subfield code="p">005476</subfield>
    <subfield code="r">2025-10-10 10:36:43</subfield>
    <subfield code="t">36</subfield>
    <subfield code="w">2025-10-10</subfield>
    <subfield code="y">BK</subfield>
  </datafield>
  <datafield tag="952" ind1=" " ind2=" ">
    <subfield code="0">0</subfield>
    <subfield code="1">0</subfield>
    <subfield code="4">0</subfield>
    <subfield code="7">0</subfield>
    <subfield code="a">MU002</subfield>
    <subfield code="b">MU002</subfield>
    <subfield code="d">2023-10-01</subfield>
    <subfield code="l">0</subfield>
    <subfield code="o">808.02 SHU</subfield>
    <subfield code="p">005477</subfield>
    <subfield code="r">2025-10-10 10:36:43</subfield>
    <subfield code="t">37</subfield>
    <subfield code="w">2025-10-10</subfield>
    <subfield code="y">BK</subfield>
  </datafield>
  <datafield tag="952" ind1=" " ind2=" ">
    <subfield code="0">0</subfield>
    <subfield code="1">0</subfield>
    <subfield code="4">0</subfield>
    <subfield code="7">0</subfield>
    <subfield code="a">MU002</subfield>
    <subfield code="b">MU002</subfield>
    <subfield code="d">2023-10-01</subfield>
    <subfield code="l">0</subfield>
    <subfield code="o">808.02 SHU</subfield>
    <subfield code="p">005478</subfield>
    <subfield code="r">2025-10-10 10:36:43</subfield>
    <subfield code="t">38</subfield>
    <subfield code="w">2025-10-10</subfield>
    <subfield code="y">BK</subfield>
  </datafield>
  <datafield tag="952" ind1=" " ind2=" ">
    <subfield code="0">0</subfield>
    <subfield code="1">0</subfield>
    <subfield code="4">0</subfield>
    <subfield code="7">0</subfield>
    <subfield code="a">MU002</subfield>
    <subfield code="b">MU002</subfield>
    <subfield code="d">2023-10-01</subfield>
    <subfield code="l">0</subfield>
    <subfield code="o">808.02 SHU</subfield>
    <subfield code="p">005479</subfield>
    <subfield code="r">2025-10-10 10:36:43</subfield>
    <subfield code="t">39</subfield>
    <subfield code="w">2025-10-10</subfield>
    <subfield code="y">BK</subfield>
  </datafield>
  <datafield tag="952" ind1=" " ind2=" ">
    <subfield code="0">0</subfield>
    <subfield code="1">0</subfield>
    <subfield code="4">0</subfield>
    <subfield code="7">0</subfield>
    <subfield code="a">MU002</subfield>
    <subfield code="b">MU002</subfield>
    <subfield code="d">2023-10-01</subfield>
    <subfield code="l">0</subfield>
    <subfield code="o">808.02 SHU</subfield>
    <subfield code="p">005480</subfield>
    <subfield code="r">2025-10-10 10:36:43</subfield>
    <subfield code="t">40</subfield>
    <subfield code="w">2025-10-10</subfield>
    <subfield code="y">BK</subfield>
  </datafield>
  <datafield tag="952" ind1=" " ind2=" ">
    <subfield code="0">0</subfield>
    <subfield code="1">0</subfield>
    <subfield code="4">0</subfield>
    <subfield code="7">0</subfield>
    <subfield code="a">MU002</subfield>
    <subfield code="b">MU002</subfield>
    <subfield code="d">2023-10-01</subfield>
    <subfield code="l">0</subfield>
    <subfield code="o">808.02 SHU</subfield>
    <subfield code="p">005481</subfield>
    <subfield code="r">2025-10-10 10:36:43</subfield>
    <subfield code="t">41</subfield>
    <subfield code="w">2025-10-10</subfield>
    <subfield code="y">BK</subfield>
  </datafield>
  <datafield tag="952" ind1=" " ind2=" ">
    <subfield code="0">0</subfield>
    <subfield code="1">0</subfield>
    <subfield code="4">0</subfield>
    <subfield code="7">0</subfield>
    <subfield code="a">MU002</subfield>
    <subfield code="b">MU002</subfield>
    <subfield code="d">2023-10-01</subfield>
    <subfield code="l">0</subfield>
    <subfield code="o">808.02 SHU</subfield>
    <subfield code="p">005482</subfield>
    <subfield code="r">2025-10-10 10:36:43</subfield>
    <subfield code="t">42</subfield>
    <subfield code="w">2025-10-10</subfield>
    <subfield code="y">BK</subfield>
  </datafield>
  <datafield tag="952" ind1=" " ind2=" ">
    <subfield code="0">0</subfield>
    <subfield code="1">0</subfield>
    <subfield code="4">0</subfield>
    <subfield code="7">0</subfield>
    <subfield code="a">MU002</subfield>
    <subfield code="b">MU002</subfield>
    <subfield code="d">2023-10-01</subfield>
    <subfield code="l">0</subfield>
    <subfield code="o">808.02 SHU</subfield>
    <subfield code="p">005483</subfield>
    <subfield code="r">2025-10-10 10:36:43</subfield>
    <subfield code="t">43</subfield>
    <subfield code="w">2025-10-10</subfield>
    <subfield code="y">BK</subfield>
  </datafield>
  <datafield tag="952" ind1=" " ind2=" ">
    <subfield code="0">0</subfield>
    <subfield code="1">0</subfield>
    <subfield code="4">0</subfield>
    <subfield code="7">0</subfield>
    <subfield code="a">MU002</subfield>
    <subfield code="b">MU002</subfield>
    <subfield code="d">2023-10-01</subfield>
    <subfield code="l">0</subfield>
    <subfield code="o">808.02 SHU</subfield>
    <subfield code="p">005484</subfield>
    <subfield code="r">2025-10-10 10:36:43</subfield>
    <subfield code="t">44</subfield>
    <subfield code="w">2025-10-10</subfield>
    <subfield code="y">BK</subfield>
  </datafield>
  <datafield tag="952" ind1=" " ind2=" ">
    <subfield code="0">0</subfield>
    <subfield code="1">0</subfield>
    <subfield code="4">0</subfield>
    <subfield code="7">0</subfield>
    <subfield code="a">MU002</subfield>
    <subfield code="b">MU002</subfield>
    <subfield code="d">2023-10-01</subfield>
    <subfield code="l">0</subfield>
    <subfield code="o">808.02 SHU</subfield>
    <subfield code="p">005485</subfield>
    <subfield code="r">2025-10-10 10:36:43</subfield>
    <subfield code="t">45</subfield>
    <subfield code="w">2025-10-10</subfield>
    <subfield code="y">BK</subfield>
  </datafield>
  <datafield tag="952" ind1=" " ind2=" ">
    <subfield code="0">0</subfield>
    <subfield code="1">0</subfield>
    <subfield code="4">0</subfield>
    <subfield code="7">0</subfield>
    <subfield code="a">MU002</subfield>
    <subfield code="b">MU002</subfield>
    <subfield code="d">2023-10-01</subfield>
    <subfield code="l">0</subfield>
    <subfield code="o">808.02 SHU</subfield>
    <subfield code="p">005486</subfield>
    <subfield code="r">2025-10-10 10:36:43</subfield>
    <subfield code="t">46</subfield>
    <subfield code="w">2025-10-10</subfield>
    <subfield code="y">BK</subfield>
  </datafield>
  <datafield tag="952" ind1=" " ind2=" ">
    <subfield code="0">0</subfield>
    <subfield code="1">0</subfield>
    <subfield code="4">0</subfield>
    <subfield code="7">0</subfield>
    <subfield code="a">MU002</subfield>
    <subfield code="b">MU002</subfield>
    <subfield code="d">2023-10-01</subfield>
    <subfield code="l">0</subfield>
    <subfield code="o">808.02 SHU</subfield>
    <subfield code="p">005487</subfield>
    <subfield code="r">2025-10-10 10:36:43</subfield>
    <subfield code="t">47</subfield>
    <subfield code="w">2025-10-10</subfield>
    <subfield code="y">BK</subfield>
  </datafield>
  <datafield tag="952" ind1=" " ind2=" ">
    <subfield code="0">0</subfield>
    <subfield code="1">0</subfield>
    <subfield code="4">0</subfield>
    <subfield code="7">0</subfield>
    <subfield code="a">MU002</subfield>
    <subfield code="b">MU002</subfield>
    <subfield code="d">2023-10-01</subfield>
    <subfield code="l">0</subfield>
    <subfield code="o">808.02 SHU</subfield>
    <subfield code="p">005488</subfield>
    <subfield code="r">2025-10-10 10:36:43</subfield>
    <subfield code="t">48</subfield>
    <subfield code="w">2025-10-10</subfield>
    <subfield code="y">BK</subfield>
  </datafield>
  <datafield tag="952" ind1=" " ind2=" ">
    <subfield code="0">0</subfield>
    <subfield code="1">0</subfield>
    <subfield code="4">0</subfield>
    <subfield code="7">0</subfield>
    <subfield code="a">MU002</subfield>
    <subfield code="b">MU002</subfield>
    <subfield code="d">2023-10-01</subfield>
    <subfield code="l">0</subfield>
    <subfield code="o">808.02 SHU</subfield>
    <subfield code="p">005489</subfield>
    <subfield code="r">2025-10-10 10:36:43</subfield>
    <subfield code="t">49</subfield>
    <subfield code="w">2025-10-10</subfield>
    <subfield code="y">BK</subfield>
  </datafield>
  <datafield tag="952" ind1=" " ind2=" ">
    <subfield code="0">0</subfield>
    <subfield code="1">0</subfield>
    <subfield code="4">0</subfield>
    <subfield code="7">0</subfield>
    <subfield code="a">MU002</subfield>
    <subfield code="b">MU002</subfield>
    <subfield code="d">2023-10-01</subfield>
    <subfield code="l">0</subfield>
    <subfield code="o">808.02 SHU</subfield>
    <subfield code="p">005490</subfield>
    <subfield code="r">2025-10-10 10:36:43</subfield>
    <subfield code="t">50</subfield>
    <subfield code="w">2025-10-10</subfield>
    <subfield code="y">BK</subfield>
  </datafield>
  <datafield tag="952" ind1=" " ind2=" ">
    <subfield code="0">0</subfield>
    <subfield code="1">0</subfield>
    <subfield code="4">0</subfield>
    <subfield code="7">0</subfield>
    <subfield code="a">MU002</subfield>
    <subfield code="b">MU002</subfield>
    <subfield code="d">2023-10-01</subfield>
    <subfield code="l">0</subfield>
    <subfield code="o">808.02 SHU</subfield>
    <subfield code="p">005491</subfield>
    <subfield code="r">2025-10-10 10:36:43</subfield>
    <subfield code="t">51</subfield>
    <subfield code="w">2025-10-10</subfield>
    <subfield code="y">BK</subfield>
  </datafield>
  <datafield tag="952" ind1=" " ind2=" ">
    <subfield code="0">0</subfield>
    <subfield code="1">0</subfield>
    <subfield code="4">0</subfield>
    <subfield code="7">0</subfield>
    <subfield code="a">MU002</subfield>
    <subfield code="b">MU002</subfield>
    <subfield code="d">2023-10-01</subfield>
    <subfield code="l">0</subfield>
    <subfield code="o">808.02 SHU</subfield>
    <subfield code="p">005492</subfield>
    <subfield code="r">2025-10-10 10:36:43</subfield>
    <subfield code="t">52</subfield>
    <subfield code="w">2025-10-10</subfield>
    <subfield code="y">BK</subfield>
  </datafield>
  <datafield tag="952" ind1=" " ind2=" ">
    <subfield code="0">0</subfield>
    <subfield code="1">0</subfield>
    <subfield code="4">0</subfield>
    <subfield code="7">0</subfield>
    <subfield code="a">MU002</subfield>
    <subfield code="b">MU002</subfield>
    <subfield code="d">2023-10-01</subfield>
    <subfield code="l">0</subfield>
    <subfield code="o">808.02 SHU</subfield>
    <subfield code="p">005493</subfield>
    <subfield code="r">2025-10-10 10:36:43</subfield>
    <subfield code="t">53</subfield>
    <subfield code="w">2025-10-10</subfield>
    <subfield code="y">BK</subfield>
  </datafield>
  <datafield tag="952" ind1=" " ind2=" ">
    <subfield code="0">0</subfield>
    <subfield code="1">0</subfield>
    <subfield code="4">0</subfield>
    <subfield code="7">0</subfield>
    <subfield code="a">MU002</subfield>
    <subfield code="b">MU002</subfield>
    <subfield code="d">2023-10-01</subfield>
    <subfield code="l">0</subfield>
    <subfield code="o">808.02 SHU</subfield>
    <subfield code="p">005494</subfield>
    <subfield code="r">2025-10-10 10:36:43</subfield>
    <subfield code="t">54</subfield>
    <subfield code="w">2025-10-10</subfield>
    <subfield code="y">BK</subfield>
  </datafield>
  <datafield tag="952" ind1=" " ind2=" ">
    <subfield code="0">0</subfield>
    <subfield code="1">0</subfield>
    <subfield code="4">0</subfield>
    <subfield code="7">0</subfield>
    <subfield code="a">MU002</subfield>
    <subfield code="b">MU002</subfield>
    <subfield code="d">2023-10-01</subfield>
    <subfield code="l">0</subfield>
    <subfield code="o">808.02 SHU</subfield>
    <subfield code="p">005495</subfield>
    <subfield code="r">2025-10-10 10:36:43</subfield>
    <subfield code="t">55</subfield>
    <subfield code="w">2025-10-10</subfield>
    <subfield code="y">BK</subfield>
  </datafield>
  <datafield tag="952" ind1=" " ind2=" ">
    <subfield code="0">0</subfield>
    <subfield code="1">0</subfield>
    <subfield code="4">0</subfield>
    <subfield code="7">0</subfield>
    <subfield code="a">MU002</subfield>
    <subfield code="b">MU002</subfield>
    <subfield code="d">2023-10-01</subfield>
    <subfield code="l">0</subfield>
    <subfield code="o">808.02 SHU</subfield>
    <subfield code="p">005496</subfield>
    <subfield code="r">2025-10-10 10:36:43</subfield>
    <subfield code="t">56</subfield>
    <subfield code="w">2025-10-10</subfield>
    <subfield code="y">BK</subfield>
  </datafield>
  <datafield tag="952" ind1=" " ind2=" ">
    <subfield code="0">0</subfield>
    <subfield code="1">0</subfield>
    <subfield code="4">0</subfield>
    <subfield code="7">0</subfield>
    <subfield code="a">MU002</subfield>
    <subfield code="b">MU002</subfield>
    <subfield code="d">2023-10-01</subfield>
    <subfield code="l">0</subfield>
    <subfield code="o">808.02 SHU</subfield>
    <subfield code="p">005497</subfield>
    <subfield code="r">2025-10-10 10:36:43</subfield>
    <subfield code="t">57</subfield>
    <subfield code="w">2025-10-10</subfield>
    <subfield code="y">BK</subfield>
  </datafield>
  <datafield tag="952" ind1=" " ind2=" ">
    <subfield code="0">0</subfield>
    <subfield code="1">0</subfield>
    <subfield code="4">0</subfield>
    <subfield code="7">0</subfield>
    <subfield code="a">MU002</subfield>
    <subfield code="b">MU002</subfield>
    <subfield code="d">2023-10-01</subfield>
    <subfield code="l">0</subfield>
    <subfield code="o">808.02 SHU</subfield>
    <subfield code="p">005498</subfield>
    <subfield code="r">2025-10-10 10:36:43</subfield>
    <subfield code="t">58</subfield>
    <subfield code="w">2025-10-10</subfield>
    <subfield code="y">BK</subfield>
  </datafield>
  <datafield tag="952" ind1=" " ind2=" ">
    <subfield code="0">0</subfield>
    <subfield code="1">0</subfield>
    <subfield code="4">0</subfield>
    <subfield code="7">0</subfield>
    <subfield code="a">MU002</subfield>
    <subfield code="b">MU002</subfield>
    <subfield code="d">2023-10-01</subfield>
    <subfield code="l">0</subfield>
    <subfield code="o">808.02 SHU</subfield>
    <subfield code="p">005499</subfield>
    <subfield code="r">2025-10-10 10:36:43</subfield>
    <subfield code="t">59</subfield>
    <subfield code="w">2025-10-10</subfield>
    <subfield code="y">BK</subfield>
  </datafield>
</record>
